000 00680nam a22002297i 4500
999 _c172625
_d172625
005 20190520111109.0
008 190520s2013 ii a|||b |||| 00| 1 tam d
020 _cRM24.00
_qpaperback
040 _aPPAK
_beng
_cPPAK
_erda
082 0 4 _223
_a894.8113
090 0 0 _a894.8113
_bARU
_dK
245 0 0 _aArumbugalai Verumbum Kurumbugal =
_bKisah Bahtera
246 1 1 _aKisah Bahtera
264 1 _aChennai, India :
_bSri Selva Nilayam,
_c2014
300 _a176 pages :
_billustrations ;
_c18 cm
336 _2rdacontent
_atext
337 _2rdamedia
_aunmediated
338 _2rdacarrier
_avolume
650 1 0 _aTamil fiction
650 2 0 _aChildren's stories, Tamil
942 _2ddc
_cB